000 00745nam a22002417a 4500
005 20170124110202.0
010 _aA-998475
020 _a8172247907
_c00.00
035 _aA-998475
037 _bCen Lib/Ret
040 _aDPL
_bEN
082 _a004.65
_bHUR
100 _aHurley, Brian
_936351
245 _aDoing big business on the internet /
_cby Brian Hurley [and] Peter Birkwood
260 _aMumbai
_bJaico Publishing House
_c1999
270 _a121, M.G. rioad
_bMumbai
_e400023
300 _axxi, 181p.
_c23cm(Hb)
500 _aIncludes glossary and appendix
650 _aInternet
_936352
650 _aInternet advertising
_933966
700 _aBirkwood, Peter
_936353
942 _2ddc
_cEN
_h004.65
_mHUR
999 _c132971
_d132971